000 00513nmm a2200157Ia 4500
008 251105s9999||||xx |||||||||||||||||und||
020 _a9789587161793
041 _aspa
100 _aLosada L, Rodrigo y Casas Casas, Andrés
245 0 _aEnfoques para el análisis político
264 _a[Bogotá, Colombia] :
_bEditorial Pontificia Universidad Javeriana,
_c2008
300 _a434 páginas
650 _aPolitical Science (General)
856 _uhttps://public.digitaliapublishing.com/a/19519
942 _cCF
999 _c95515
_d95515